La Real Academia Española / (Record no. 185142)

MARC details
000 -LEADER
campo de control de longitud fija 01146nam a2200289 i 4500
001 - NÚMERO DE CONTROL
campo de control 185142
003 - IDENTIFICADOR DE NÚMERO DE CONTROL
campo de control SpMaBN
005 - FECHA Y HORA DE LA ÚLTIMA TRANSACCIÓN
campo de control 20250719173738.0
008 - DATOS DE LONGITUD FIJA--INFORMACIÓN GENERAL
campo de control de longitud fija 160328s2015 sp ace |||| |dspa d
020 ## - NÚMERO INTERNACIONAL ESTÁNDAR DEL LIBRO
Número Internacional Estándar del Libro 978-84-606-7209-8
080 ## - NÚMERO DE LA CLASIFICACIÓN DECIMAL UNIVERSAL
Número de la Clasificación Decimal Universal 811.134.2:061.22(460)(091)
100 1# - ENTRADA PRINCIPAL--NOMBRE DE PERSONA
Nombre de persona Zamora Vicente, Alonso.
9 (RLIN) 117952
245 13 - MENCIÓN DEL TÍTULO
Título La Real Academia Española /
Mención de responsabilidad, etc. Alonso Zamora Vicente ; [dirección científica, Darío Villanueva].
246 3# - FORMA VARIANTE DEL TITULO
Título propio/Titulo breve Historia de la Real Academia Española
250 ## - MENCION DE EDICION
Mención de edición 2ª ed. de la "Historia de la Real Academia Española".
260 ## - PUBLICACIÓN, DISTRIBUCIÓN, ETC.
Lugar de publicación, distribución, etc. [Madrid] :
Nombre del editor, distribuidor, etc. Real Academia Española :
-- Fundación Mª Cristina Masaveu Peterson,
Fecha de publicación, distribución, etc. [2015]
300 ## - DESCRIPCIÓN FÍSICA
Extensión 649 p. :
Otras características físicas il. col., retr. ;
Dimensiones 25 x 22 cm.
500 ## - NOTA GENERAL
Nota general Índice onomástico.
504 ## - NOTA DE BIBLIOGRAFÍA, ETC.
Nota de bibliografía, etc. Bibliografía: p. 596-627.
610 27 - PUNTO DE ACCESO ADICIONAL DE MATERIA--NOMBRE DE ENTIDAD CORPORATIVA
Nombre de entidad corporativa o nombre de jurisdicción como elemento de entrada Real Academia Española-
Subdivisión de forma Historia.
9 (RLIN) 159226
700 1# - ENTRADA AGREGADA--NOMBRE PERSONAL
Nombre de persona Villanueva, Darío,
Fechas asociadas al nombre 1950-
9 (RLIN) 241353
710 2# - ENTRADA AGREGADA--NOMBRE DE ENTIDAD CORPORATIVA
Nombre de entidad corporativa o nombre de jurisdicción como elemento de entrada Real Academia Española
9 (RLIN) 6336
852 ## - LOCALIZACIÓN
Ubicación ES-MaACL
Número de control de estantería A-13664
itemnumber 192161
Sublocalización o colección R.150921
Ubicación en estantería Depósito 1
Signatura antigua Olim: N-6664
Encuadernación enc. tela
942 ## - ELEMENTOS DE ENTRADA SECUNDARIOS (KOHA)
Fuente del sistema de clasificación o colocación Clasificación decimal universal
Tipo de ítem Koha Libro impreso
Holdings
Estatus retirado Estado de pérdida Fuente del sistema de clasificación o colocación Estado de daño No para préstamo Biblioteca de origen Biblioteca actual Ubicación en estantería Fecha de adquisición Fuente de adquisición Total de préstamos Signatura topográfica completa Código de barras Visto por última vez Precio de reemplazo Tipo de ítem Koha
    Clasificación decimal universal     Biblioteca del Ateneo de Madrid Biblioteca del Ateneo de Madrid Depósito 1 28/03/2016 Donación   A-13664 1195016 23/02/2023 23/02/2023 Libro impreso